000 00887nas a2200301 4500
001 BR9605337
003 BR-BrBNA
005 20231205095826.0
007 ta
008 230509b bl.|||p| |||| 00| 00por d
040 _aBR-BrBNA
_bpor
_cBiblioteca Nacional de Agricultura
041 _a(Pt)
072 _aQ02; Q04
100 1 _aLeonel, M.
100 1 _aCereda, M.P.
245 1 _aManipueira como substrato no biossintese de acido citrico por Aspergillus niger
650 _aMandioca
650 _aInseticida de Origem Vegetal
650 _aSubstrato de Cultura
650 _aFungo
650 _aBiossintese
650 _aResiduo
650 _aComposicao Quimica
650 _aAcido Citrico
773 0 _tScientia Agricola (Brazil)
_xISSN 0103-9016
_g(May-Aug 1995), v. 52(2) p. 299-304
_wBR9605337
909 _a202311
_bLúcia
_c55
_dLúcia Elande
942 _2AGRIS
_n0
_cANA
999 _c152923
_d152923